Президенты США - Statistics

General Stats
  • This quiz has been taken 2 221 times
  • The average score is 17 of 46
Answer Stats
Годы правления Президент % Correct
2017-2021 Дональд Трамп
97%
2021-наст.вр. Джо Байден
94%
2009-2017 Барак Обама
92%
1789-1797 Джордж Вашингтон
91%
1961-1963 Джон Кеннеди
76%
1933-1945 Франклин Рузвельт
75%
1989-1993 Джордж Герберт Уокер Буш
75%
2001-2009 Джордж Уокер Буш
75%
1901-1909 Теодор Рузвельт
74%
1861-1865 Авраам Линкольн
73%
1993-2001 Билл Клинтон
62%
1981-1989 Рональд Рейган
54%
1945-1953 Гарри Трумэн
42%
1969-1974 Ричард Никсон
42%
1953-1961 Дуайт Эйзенхауэр
41%
1801-1809 Томас Джефферсон
37%
1797-1801 Джон Адамс
35%
1963-1969 Линдон Джонсон
35%
1825-1829 Джон Куинси Адамс
34%
1865-1869 Эндрю Джонсон
34%
1974-1977 Джеральд Форд
33%
1977-1981 Джимми Картер
31%
1929-1933 Герберт Гувер
29%
1913-1921 Вудро Вильсон
28%
1817-1825 Джеймс Монро
27%
1829-1837 Эндрю Джексон
25%
1841-1841 Уильям Гаррисон
23%
1889-1893 Бенджамин Гаррисон
23%
1869-1877 Улисс Грант
20%
1885-1889 (первый срок) Гровер Кливленд
20%
1893-1897 (второй срок) Гровер Кливленд
20%
1897-1901 Уильям Мак-Кинли
20%
1809-1817 Джеймс Мэдисон
19%
1881-1881 Джеймс Гарфилд
18%
1909-1913 Уильям Тафт
17%
1923-1929 Калвин Кулидж
17%
1849-1850 Закари Тейлор
16%
1837-1841 Мартин Ван Бюрен
15%
1841-1845 Джон Тайлер
15%
1845-1849 Джейс Нокс Полк
15%
1853-1857 Франклин Пирс
14%
1857-1861 Джеймс Бьюкенен
14%
1881-1885 Артур Честер
14%
1921-1923 Уоррен Гардинг
14%
1877-1881 Ратерфорд Хейс
12%
1850-1853 Миллард Филлмор
11%
No matching quizzes found
Score Distribution
Percent of People with Each Score
Percentile by Number Answered
Your Score History
You have not taken this quiz